000 00400nam a2200169Ia 4500
100 _aWebster/John G
650 _aBiomedical instrumentation
250 _a3
942 _cBK
654 _amedical instrumentation
245 _aMedical instrumentation:Application and design
260 _bJohn Wiley & Sons
_c1998
082 _a610.28
_bWEB
300 _a691
546 _aENGLISH
999 _c22448
_d22448